Statistics for Kalos Gym Leaders and Elite Four Members

Click here to take the quiz!

General Stats

  • This quiz has been taken 147 times
    (107 since last reset)
  • The average score is 10 of 13

Answer Stats

Type ExpertiseLeader or Elite Four Member% Correct
BugViola
90%
RockGrant
86%
ElectricClemont
86%
FightingKorrina
84%
GrassRamos
81%
FairyValerie
78%
All-AroundDiantha
76%
PsychicOlympia
75%
IceWulfric
75%
FireMalva
70%
SteelWilkstrom
70%
DragonDrasna
65%
WaterSiebold
65%

Score Distribution

Percentile by Number Answered

Percent of People with Each Score

Your Score History

You have not taken this quiz since the last reset